|
|
|
|
| LEADER |
00000nam0a2200000 4500 |
| 001 |
273881 |
| 005 |
20231101234655.0 |
| 035 |
|
|
|a (RuTPU)RU\TPU\book\297091
|
| 090 |
|
|
|a 273881
|
| 100 |
|
|
|a 20141029d1987 km y0rusy50 ca
|
| 101 |
0 |
|
|a rus
|
| 102 |
|
|
|a MD
|
| 105 |
|
|
|a a z 001zy
|
| 200 |
1 |
|
|a Пути ускоренного создания гибких производственных систем
|f Л. С. Восков [и др.]
|
| 210 |
|
|
|a Кишинев
|c Картя молдовеняскэ
|d 1987
|
| 215 |
|
|
|a 237 с.
|c ил.
|
| 225 |
1 |
|
|a Производительность труда- самое важное, самое главное
|
| 320 |
|
|
|a Библиогр.: с. 228-235
|
| 606 |
1 |
|
|a Гибкие производственные системы
|2 stltpush
|3 (RuTPU)RU\TPU\subj\6412
|9 34297
|
| 610 |
1 |
|
|a проектирование
|
| 610 |
1 |
|
|a системный подход
|
| 610 |
1 |
|
|a функционирование
|
| 610 |
1 |
|
|a холодная листовая штамповка
|
| 610 |
1 |
|
|a радиоэлектронная аппаратура
|
| 610 |
1 |
|
|a сборка
|
| 610 |
1 |
|
|a ГПС
|
| 610 |
1 |
|
|a внедрение
|
| 610 |
1 |
|
|a организация труда
|
| 610 |
1 |
|
|a оплата труда
|
| 675 |
|
|
|a 658.52.011.56.012.3
|v 3
|
| 701 |
|
1 |
|a Восков
|b Л. С.
|
| 701 |
|
1 |
|a Абрамов
|b В. Н.
|
| 701 |
|
1 |
|a Авдошин
|b С. М.
|
| 701 |
|
1 |
|a Алиев
|b А. С.
|
| 701 |
|
1 |
|a Соловьев
|b Е. Ф.
|
| 801 |
|
1 |
|a RU
|b 63413507
|c 20141029
|
| 801 |
|
2 |
|a RU
|b 63413507
|c 20170117
|g RCR
|
| 942 |
|
|
|c BK
|